Chemicko-tepelne zpracování kovů. 3. [část] Nitrocementace, Karbonitridace, Kyanování

Uložené v:
Podrobná bibliografia
Médium: Kniha
Jazyk:Czech
Vydané: Ostrava : Státní vědecká knihovna, 1975.
Vydanie:1. vyd.
Edícia:Rešerše: řada 3 čís. 1387
ISBN: (brož.)
Fyzický popis: 10 s.
Tagy: Pridať tag
Žiadne tagy, Buďte prvý kto otaguje tento záznam!

MARC

LEADER 00000nam a2200000 a 4500
001 000102607
005 20091114155652.0
008 040101x1975 xr e cze d
020 |a (brož.) 
040 |a SVKKK  |b slo  |c SVKKK  |e AACR2 
041 0 |a cze 
044 |a xr  |c CZ 
245 0 0 |a Chemicko-tepelne zpracování kovů.  |n 3. [část]  |p Nitrocementace, Karbonitridace, Kyanování 
246 3 0 |a Nitrocementace, Karbonitridace, Kyanování 
250 |a 1. vyd. 
260 |a Ostrava :  |b Státní vědecká knihovna,  |c 1975. 
300 |a 10 s. 
490 1 |a Rešerše: řada 3  |v čís. 1387 
830 0 |a Rešerše: řada 3  |v čís. 1387 
910 |a svkkk 
998 |a BK 
090 |g SCKHL  |k Sklad Pribinova 2. posch.  |a II.235875  |j 569360  |i 2720472790  |s Absenčne 
090 |g SCKHL  |k Sklad Pribinova 2. posch.  |a II.235876  |i 102607-20  |s Absenčne